000 00390nam a2200145Ia 4500
008 230917s9999||||xx |||||||||||||| ||und||
040 _e106347
_aMAIN
041 _aEnglish
082 _a355.0218 N232T
100 _aNayar, V.K.
245 0 _aThreat from with in: India's internal security environment
260 _aNew Delhi
_bLancer publisher
_c1992
300 _a263p p.
942 _cBK
999 _c117761
_d117761